Представление документа в формате MARC21

Поле Инд. ПП Название Значение
Тип записи a
Библиографический уровень b
001 Контрольный номер RU/IS/BASE/288961764
005 Дата корректировки 20200629065933.3
008 Кодируемые данные 20090226
040 b Код языка каталог. rus
e Правила каталог. PSBO
041 0_ a Код языка текста rus
084 a Индекс другой классификации/Индекс ББК 60.546
100 1_ a Автор Завалишин А. Ю.
q Полное имя Завалишин Андрей Юрьевич
245 10 a Заглавие Методология исследований коллективных общностей
504 a Библиография Библиогр. ссылки
650 14 a Основная рубрика социология
a Основная рубрика социология групп
653 a Ключевые слова коллективная общность
a Ключевые слова коллективное поведение
a Ключевые слова коллективное сознание
a Ключевые слова коллективность
a Ключевые слова либеральный институционализм
a Ключевые слова методология социологии
a Ключевые слова новый регионализм
a Ключевые слова регионализм
a Ключевые слова социально-территориальные общности
a Ключевые слова социологическая теория
a Ключевые слова территориальные общности
a Ключевые слова холизм
773 08 t Заглавие источника Вестник Московского университета. Серия 18, Социология и политология
d Дата издания источника 2008
g Прочая информация № 2. - С. 71 - 83
w Контрольный № источника RU/IS/BASE/286474427
901 t Тип документа b